|
|
|
|
| LEADER |
00000nam0a2200000 4500 |
| 001 |
312060 |
| 005 |
20231102002440.0 |
| 035 |
|
|
|a (RuTPU)RU\TPU\book\337427
|
| 035 |
|
|
|a RU\TPU\book\322719
|
| 090 |
|
|
|a 312060
|
| 100 |
|
|
|a 20151216d1964 km y0rusy50 ca
|
| 101 |
0 |
|
|a ger
|a rus
|
| 102 |
|
|
|a RU
|
| 105 |
|
|
|a y e 001zy
|
| 200 |
1 |
|
|a Немецко-русский словарь по электроизмерительной технике
|d Deutsch-Russische Worterbuch fur elektrische messtechnik
|e [около 10 000 терминов]
|f сост. П. С. Богуславский
|
| 210 |
|
|
|a Москва
|c Советская энциклопедия
|d 1964
|
| 215 |
|
|
|a 376 с.
|
| 320 |
|
|
|a Указатель основных русских терминов : с. 295-376.
|
| 510 |
1 |
|
|a Deutsch-Russische Wörterbuch für elektrische messtechnik
|z ger
|
| 606 |
1 |
|
|a Немецкий язык
|x Параллельные словари
|2 stltpush
|3 (RuTPU)RU\TPU\subj\45384
|9 64627
|
| 606 |
1 |
|
|a Электроизмерительная техника
|2 stltpush
|3 (RuTPU)RU\TPU\subj\19986
|9 45133
|
| 610 |
1 |
|
|a терминологические словари
|
| 610 |
1 |
|
|a электрические измерения
|
| 610 |
1 |
|
|a магнитные измерения
|
| 610 |
1 |
|
|a телеизмерения
|
| 610 |
1 |
|
|a неэлектрические величины
|
| 610 |
1 |
|
|a словари
|
| 675 |
|
|
|a 621.317.7(03)
|v 4
|
| 686 |
|
|
|a Ш143.24-48
|v LBC/SL-A
|2 rubbk
|
| 700 |
|
1 |
|a Богуславский
|b П. С.
|4 220
|
| 801 |
|
1 |
|a RU
|b 63413507
|c 20150609
|
| 801 |
|
2 |
|a RU
|b 63413507
|c 20220301
|g RCR
|
| 942 |
|
|
|c BK
|